01446nam a2200337 a 4500001001000000003000500010005001700015008004100032010001100073011001100084040000900095090001000104100003300114245016400147260004100311500006000352502008600412590004000498590004000538590004000578650003300618650004800651650003100699856007000730901000700800942001000807942000600817999001900823952013100842952013500973000113795CHAP20220329144413.0170926s2017 mx sm |||||||spa d a110256 a111228 cCHAP aTesis1 aCruz Garrido, Ariana913345510aComposición fenólica de accesiones de maís (Zea mays L.) con grano rojo cereza y rojo ladrillo de razas mexicanash[En línea]cpor Ariana Cruz Garrido. aChapingo, Méx. :bEl autor,c2017. aPara ver el contenido del material haga clic en la liga aTesis (Ing. Agroindustrial ) -- UACH. Departamento de Ingeniería Agroindustrial aE6339RRRb05c20170926lUCH01h0844 aE6339RRRb05c20170926lUCH01h0845 aE6339RRRb05c20170926lUCH01h084814aFenolesxAnálisis.913345614aMaízxFisiología y morfología.97095814aMaízxVariedades.971081 aFinding aiduhttp://10.13.5.2/tesis/sist113795.pdfzTeclea aquí aBK cTESIS n0 c110256d110256 00104054718TESISaBCbBCd2017-09-26fTESISl0oTesisp113797-10r2019-12-31 00:00:00w2019-12-31yTESISzRecien adquirido 00102local4053708TESISaBCbBCcPA_TESISd2017-09-26fTESISl0oTesisp113797-20r2019-12-31 00:00:00tc.2w2019-12-31yTESIS